000 00784cam a22002533a 4500
001 590
003 PGUSA
005 20140828082950.0
008 960701s1996||||xxu|||||s|||||000 | eng d
040 _aPGUSA
_beng
042 _adc
050 4 _aPR
050 4 _aCT
100 1 _aJapp, Alexander H.
_q(Alexander Hay),
_d1839-1905
245 1 0 _aRobert Louis Stevenson :
_bA Record, an Estimate, and a Memorial
_h[electronic resource] /
_cAlexander H. Japp
260 _bProject Gutenberg,
_c1996
506 _aPublic domain in the USA.
516 _aElectronic text
653 _aStevenson, Robert Louis, 1850-1894
653 _aAuthors, Scottish -- 19th century -- Biography
830 0 _aProject Gutenberg
_v590
856 4 0 _uhttp://www.gutenberg.org/ebooks/590
942 _cEB
999 _c229941
_d229941